[Event "Vojvodina-chT 2nd League"]
[Site "Backa Palanka"]
[Date "2020.10.19"]
[Round "5.5"]
[White "Terzic, Zoran"]
[Black "Strangar, Zlatko"]
[Result "0-1"]
[WhiteElo "2029"]
[BlackElo "2213"]
[PlyCount "69"]
[EventDate "2020.10.16"]
[EventType "team-tourn"]
[EventRounds "11"]
[EventCountry "SRB"]
[SourceTitle "EXT 2022"]
[Source "ChessBase"]
[SourceDate "2021.10.06"]
[SourceVersion "1"]
[SourceVersionDate "2021.10.06"]
[SourceQuality "1"]
[WhiteTeam "Starcevo Borac"]
[BlackTeam "Sombor"]
[WhiteTeamCountry "SRB"]
[BlackTeamCountry "SRB"]

1. e4 e6 2. d4 d5 3. exd5 exd5 4. Nf3 Bd6 5. Bd3 Ne7 6. h3 Bf5 7. Bxf5 Nxf5 8. Qd3 Qe7+ 9. Kd1 Qd7 10. Re1+ Ne7 11. Ke2 f6 12. Kf1 Nbc6 13. a3 0-0-0 14. b3 g5 15. Ng1 g4 16. h4 Nf5 17. g3 Ncxd4 18. Bb2 Be5 19. Ra2 Rhe8 20. Nd2 Nc6 21. c4 Bxb2 22. Rxb2 Rxe1+ 23. Kxe1 Ne5 24. Qc2 dxc4 25. Kf1 Nd4 26. Qc3 Nb5 27. Qa5 c3 28. a4 cxd2 29. axb5 d1R+ 30. Kg2 Rxg1+ 31. Kxg1 Qd1+ 32. Kg2 Nf3 33. Rb1 Qxb1 34. Qa1 Qxa1 35. b4 0-1

[Event "Vojvodina-chT 2nd League"]
[Site "Backa Palanka"]
[Date "2020.10.18"]
[Round "4.5"]
[White "Lorinc, Sandor"]
[Black "Terzic, Zoran"]
[Result "1-0"]
[WhiteElo "2157"]
[BlackElo "2029"]
[PlyCount "34"]
[EventDate "2020.10.16"]
[EventType "team-tourn"]
[EventRounds "11"]
[EventCountry "SRB"]
[SourceTitle "EXT 2022"]
[Source "ChessBase"]
[SourceDate "2021.10.06"]
[SourceVersion "1"]
[SourceVersionDate "2021.10.06"]
[SourceQuality "1"]
[WhiteTeam "Senta"]
[BlackTeam "Starcevo Borac"]
[WhiteTeamCountry "SRB"]
[BlackTeamCountry "SRB"]

1. d4 e6 2. Bf4 b6 3. e4 Bb7 4. Bd3 Bb4+ 5. c3 Be7 6. Nf3 h6 7. h3 d6 8. Qe2 Nd7 9. Nbd2 Rc8 10. 0-0 Ngf6 11. Bh2 0-0 12. Rfd1 Ne8 13. e5 d5 14. b4 c5 15. bxc5 bxc5 16. Rab1 Nb6 17. a4 Rc7 1-0